Les chef-d'oeuvres dramatiques de Mrs. Corneille, avec le jugement des sçavans á la suite de chaque pièce. (Registro nro. 103038)
[ vista simple ]
| 000 -LEADER | |
|---|---|
| campo de control de longitud fija | 00908nam a2200193 i 4500 |
| 001 - NÚMERO DE CONTROL | |
| campo de control | 103038 |
| 003 - IDENTIFICADOR DE NÚMERO DE CONTROL | |
| campo de control | ES-MaACL |
| 005 - FECHA Y HORA DE LA ÚLTIMA TRANSACCIÓN | |
| campo de control | 20230906183243.0 |
| 007 - CAMPO FIJO DE DESCRIPCIÓN FÍSICA--INFORMACIÓN GENERAL | |
| campo de control de longitud fija | t| |
| 008 - DATOS DE LONGITUD FIJA--INFORMACIÓN GENERAL | |
| campo de control de longitud fija | 051230s1746 xxk ||||1| fre d |
| 080 ## - NÚMERO DE LA CLASIFICACIÓN DECIMAL UNIVERSAL | |
| Número de la Clasificación Decimal Universal | 821.133.1-23"16" |
| 100 1# - ENTRADA PRINCIPAL--NOMBRE DE PERSONA | |
| Nombre de persona | Corneille, Pierre. |
| 9 (RLIN) | 40602 |
| 245 14 - MENCIÓN DEL TÍTULO | |
| Título | Les chef-d'oeuvres dramatiques de Mrs. Corneille, avec le jugement des sçavans á la suite de chaque pièce. |
| 260 ## - PUBLICACIÓN, DISTRIBUCIÓN, ETC. | |
| Lugar de publicación, distribución, etc. | Oxford : |
| Nombre del editor, distribuidor, etc. | [s.n., |
| Fecha de publicación, distribución, etc. | 1746?] |
| 300 ## - DESCRIPCIÓN FÍSICA | |
| Extensión | 2 v. ([8]-384 p., [4]-382-[2] p.) ; |
| Dimensiones | 17 cm. |
| 505 8# - NOTA DE CONTENIDO CON FORMATO | |
| Nota de contenido con formato | Contiene: V. 1.: Tragedies de P. Corneille: Le Cid ; Horace ; Cinna ; Polyeucte ; La mort de Pompée ; Entrevue de Sertorius et de Pompée, tirée du troisième acte de la tragédie de Sertorius -- v. 2.: Tragedies de P. Corneille: Rodogune ; Heraclius ; Othon. Tragedies de T. Corneille: Ariane ; Le Comte d'Essex |
| 700 1# - ENTRADA AGREGADA--NOMBRE PERSONAL | |
| Nombre de persona | Corneille, Thomas. |
| 9 (RLIN) | 40604 |
| 852 ## - LOCALIZACIÓN | |
| Ubicación | ES-MaACL |
| Número de control de estantería | R-3464-65 |
| Estatus retirado | Estado de pérdida | Estado de daño | No para préstamo | Colección | Biblioteca de origen | Biblioteca actual | Ubicación en estantería | Fecha de adquisición | Fuente de adquisición | Total de préstamos | Signatura topográfica completa | Código de barras | Visto por última vez | Precio de reemplazo | Tipo de ítem Koha |
|---|---|---|---|---|---|---|---|---|---|---|---|---|---|---|---|
| Libros del s. XVIII | Biblioteca del Ateneo de Madrid | Biblioteca del Ateneo de Madrid | Depósito | 17/01/2008 | R-3464-65 | 1107595 | 23/02/2023 | 23/02/2023 | Libro impreso antiguo |
